000 00425nam a2200133Ia 4500
008 100328s9999 xx 000 0 und d
082 _b22655
100 _aवरेरकर भार्गवराम विठ्ठल-अनु.
245 _aश्रीकांत भाग 4
260 _b---
630 _aश्रीकांत भाग 4
730 _aश्रीकांत भाग 4
942 _cBOOK
999 _c516506
_d516503